000
00313nam a22001337a 4500
008
180822b xxu||||| |||| 00| 0 eng d
020
_a
1879284308
041
_a
eng
080
_a
616.8
100
_a
7
101
_a
NEU
245
_a
CONTEMPORARY MANGEMENT SPINAL CORD INJURY
_c
BENZEL.E,C
942
_2
udc
_c
BK
999
_c
47248
_d
47248